Kể chuyện thành ngữ tục ngữ

Khái quát về thành ngữ, nguồn gốc cấu tạo của thành ngữ tiếng Việt. Thành ngữ so sánh. Giới thiệu và giải thích về các câu thành ngữ tiếng Việt, sắp xếp theo vần chữ cái.

Spremljeno u:
Bibliografski detalji
Glavni autor: Hoàng Văn Hành (chủ biên)
Daljnji autori: Nguyễn Như Ý.. (biên soạn)
Format: Knjiga
Jezik:Vietnamese
Izdano: H. Khoa học xã hội 2002
Izdanje:Tái bản lần thứ 2 có sửa chữa và bổ sung
Teme:
Oznake: Dodaj oznaku
Bez oznaka, Budi prvi tko označuje ovaj zapis!
Thư viện lưu trữ: Mạng thư viện Đại học Đà Nẵng
LEADER 01559nam a2200397 4500
001 000006020
003 2174
005 20120529150547.0
008 110829s2002 viesd
020 |c 52000đ 
041 0 |a vie 
082 |a 398.2  |b HO-H 
100 0 |a Hoàng Văn Hành 
245 0 |a Kể chuyện thành ngữ tục ngữ  |c Hoàng Văn Hành ch.b 
250 |a Tái bản lần thứ 2 có sửa chữa và bổ sung 
260 |a H.  |b Khoa học xã hội  |c 2002 
300 |a 539 tr  |c 21 cm 
500 |a ĐTTS ghi: Trung tâm KHXH và NV Quốc gia. Viện Ngôn ngữ học 
520 |a Khái quát về thành ngữ, nguồn gốc cấu tạo của thành ngữ tiếng Việt. Thành ngữ so sánh. Giới thiệu và giải thích về các câu thành ngữ tiếng Việt, sắp xếp theo vần chữ cái. 
653 |a Văn học dân gian 
653 |a Tiếng việt 
653 |a Thành ngữ 
653 |a Tục ngữ 
700 |a Hoàng Văn Hành  |e chủ biên 
700 |a Nguyễn Như Ý..  |e biên soạn 
910 |a Nguyễn Thị Kim Oanh  |d 29/08/2011 
OWN |a LSP 
AVA |a UDN50  |b LSP  |d 398.2 HO-H  |e check_holdings  |t Error 5003 Not defined in file expand_doc_bib_avail.  |h N  |k 1 
999 |a From the UDN01 
AVA |a UDN50  |b LSP  |d 398.2 HO-H  |e available  |t Error 5001 Not defined in file expand_doc_bib_avail.  |f 24  |g 0  |h N  |i 1  |k 1 
TYP |a Monograph 
TYP |a Printed language 
980 |a Mạng thư viện Đại học Đà Nẵng